| 000 | 00747nam a22002417a 4500 | ||
|---|---|---|---|
| 005 | 20130417120132.0 | ||
| 008 | 130417b xxu||||| |||| 00| 0 eng d | ||
| 010 | _aENG-106883 | ||
| 020 |
_a978935059158 _c199.00 |
||
| 020 |
_a9350593157 _c199.00 |
||
| 035 | _aEN-90416 | ||
| 037 | _bDBAD/PUB | ||
| 040 |
_aDPL _bEng |
||
| 082 | _a481 | ||
| 100 | _aBalasubramaniam,T | ||
| 245 |
_aA textbook of English phonotics for Indian stidents / _cby T. Balasubramaniam |
||
| 250 | _a2nd ed. | ||
| 260 |
_aGurgaon _bMacmillan Publishers _c2013 |
||
| 270 |
_a3A, 5th Floor, DLF Corporate Park _bGurgaon _e122002 |
||
| 300 |
_aviii,233p. _c22cm(pbk) |
||
| 500 | _aIncludes bibliographical references | ||
| 942 |
_2ddc _cEN _h481 _mBAL |
||
| 999 |
_c74649 _d74649 |
||